Countries That Produce The Most Timber - Statistics

General Stats
  • This quiz has been taken 48 times
  • The average score is 8 of 10
Answer Stats
Cubic Meters Country % Correct
78.3 million Brazil
100%
225.7 million China
100%
186.7 million Russia
100%
292.1 million USA
98%
166.2 million Canada
95%
70.2 million Sweden
81%
73.1 million Finland
77%
47.5 million Germany
74%
73 million Indonesia
70%
65.1 million Malaysia
33%
No matching quizzes found
Score Distribution
Percent of People with Each Score
Percentile by Number Answered
Your Score History
You have not taken this quiz